| 000 | nam a22 7a 4500 | ||
|---|---|---|---|
| 999 |
_c3183 _d3183 |
||
| 005 | 20170519161415.0 | ||
| 008 | 170519b1987 enk||||| |||| 00| 0 eng d | ||
| 020 | _a0415044650 | ||
| 040 | _aAKMAL | ||
| 082 | _a658.382 CAR | ||
| 090 |
_a658.382 _bCAR |
||
| 100 | 2 |
_aCranwell-Ward, Jane. _96556 |
|
| 245 | 1 | 0 |
_aThriving on stress / _cJane Cranwell-Ward |
| 260 |
_aLondon : _bRoutledge, _c1990 |
||
| 300 |
_a135 p. : _b ill. ; _c21 cm |
||
| 500 | _aOriginally published: London : Pan, 1987. | ||
| 650 | 0 |
_aJob stress _xPrevention _96557 |
|
| 650 | 0 |
_aStress management. _91069 |
|
| 650 | 0 |
_a Personnel management. _9602 |
|
| 650 | 0 |
_aExecutives. _95963 |
|
| 942 |
_2ddc _cBOOK |
||